000 00315 a2200133 4500
082 _a891.4393
090 _c7173
_d7173
100 _aAslam, Rahi
245 _aKarwan-e-Qaza
_cAslam, Rahi
260 _aLahore
_bMaqbool Academy
300 _a512 p.
_c22 cm.
650 _a1. Urdu Literature
942 _cBK
_k891.4393 ASL
999 _c10976
_d10976